|
|
|
|
| LEADER |
00000nam a2200000 a 4500 |
| 001 |
UCK4777 |
| 003 |
CL-VaPUC |
| 008 |
050624e20030300CL |||||||||||||||||spa|d |
| 082 |
0 |
4 |
|a 363.731
|b END
|2 21
|
| 110 |
2 |
|
|a ENDESA
|e author
|9 493335
|
| 245 |
1 |
0 |
|a Estudio de impacto ambiental, ampliación Central San Isidro, segunda unidad: respuesta a observaciones ciudadanas
|
| 300 |
|
|
|a 72 h
|
| 942 |
|
|
|c BK
|
| 945 |
|
|
|d 20050624 00:00:00
|a cmena
|
| 260 |
|
|
|a Santiago
|b INGENDESA
|c 2003
|
| 500 |
|
|
|a Incluye Planos
|
| 600 |
0 |
7 |
|a COREMA
|2 CL-VaPUC
|9 493336
|
| 600 |
0 |
7 |
|a CENTRAL SAN ISIDRO
|2 CL-VaPUC
|9 493337
|
| 650 |
|
0 |
|a Impacto ambiental
|9 262796
|
| 650 |
|
7 |
|a CONTAMINACION INDUSTRIAL
|2 CL-VaPUC
|9 261690
|
| 650 |
|
7 |
|a CONTAMINACION ACUSTICA
|2 CL-VaPUC
|9 262853
|
| 650 |
|
0 |
|a Protección del medio ambiente
|9 257626
|
| 650 |
|
7 |
|a CENTRALES HIDROELECTRICAS
|2 CL-VaPUC
|9 263331
|
| 651 |
|
0 |
|a Quillota
|9 265145
|
| 651 |
|
0 |
|a Región 05
|9 267528
|
| 583 |
|
|
|a last modification
|c 20050624 00:00:00
|k Rodrigo Vera
|
| 999 |
|
|
|c 313521
|d 313519
|
| 952 |
|
|
|0 0
|1 0
|4 0
|6 363_731000000000000_END_2003
|7 0
|8 P
|9 384925
|a BIBING
|b BIBING
|d 2019-11-22
|i 4137213
|o 363.731 END 2003
|p 4137213
|r 2025-01-20
|w 2019-11-22
|y BK
|k CCL
|
| 952 |
|
|
|0 0
|1 0
|4 0
|6 363_731000000000000_END_2003
|7 0
|8 P
|9 384926
|a BIBING
|b BIBING
|d 2019-11-22
|i 4137221
|o 363.731 END 2003
|p 4137221
|r 2025-01-20
|w 2019-11-22
|y BK
|k CCL
|